书目信息 |
| 题名: |
城市规划与大气环境
|
|
| 作者: | ;《北京城市规划建设与气象条件及大气污染关系研究》课题组 著 | |
| 分册: | ||
| 出版信息: | 北京 气象出版社 2004.03 |
|
| 页数: | 178页, [6] 页图板 | |
| 开本: | 26cm | |
| 丛书名: | ||
| 单 册: | ||
| 中图分类: | X16 | |
| 科图分类: | ||
| 主题词: | 大气环境--影响--城市规划--研究 | |
| 电子资源: | ||
| ISBN: | 7-5029-3703-X | |
| 000 | 01243nam 2200253 45 | |
| 001 | 0104878778 | |
| 005 | 20050831224650.82 | |
| 010 | @a7-5029-3703-X@dCNY50.00 | |
| 100 | @a20040901d2004 km y0chiy0120 ea | |
| 101 | 0 | @achi |
| 102 | @aCN@b110000 | |
| 105 | @aaf a 000yy | |
| 200 | 1 | @a城市规划与大气环境@ACheng Shi Gui Hua Yu Da Qi Huan Jing@f《北京城市规划建设与气象条件及大气污染关系研究》课题组著 |
| 210 | @a北京@c气象出版社@d2004.03 | |
| 215 | @a178页, [6] 页图板@c图 (部分彩图), 地图@d26cm | |
| 306 | @a北京市自然科学基金委员会资助出版 | |
| 320 | @a有书目 (第174-178页) | |
| 330 | @a本书以国家重点攻关、北京市重大项目“北京城市规划建设与气象条件及大气污染关系研究”的成果为基础,经系统分析、归纳、总结提炼而成,主要涵盖了城市发展对大气环境影响、城市规划大气影响评估数值模拟技术、城市规划大气环境评估指标体系以及地理信息数据形成等内容。 | |
| 333 | @a城市规划、城市建设、气象、环境保护、测绘等领域科研、业务、教学和管理人员 | |
| 606 | 0 | @a大气环境@x影响@x城市规划@x研究 |
| 690 | @aX16@v4 | |
| 711 | 02 | @a《北京城市规划建设与气象条件及大气污染关系研究》课题组@A《Bei Jing Cheng Shi Gui Hua Jian She Yu Qi Xiang Tiao Jian Ji Da Qi Wu Ran Guan Xi Yan Jiu》Ke Ti Zu@4著 |
| 801 | 0 | @aCN@bQSSK@c20050831 |
| 905 | @a10447@dX16@eB345 | |
| 城市规划与大气环境/《北京城市规划建设与气象条件及大气污染关系研究》课题组著.-北京:气象出版社,2004.03 |
| 178页, [6] 页图板:图 (部分彩图), 地图;26cm |
| 使用对象:城市规划、城市建设、气象、环境保护、测绘等领域科研、业务、教学和管理人员 |
| ISBN 7-5029-3703-X:CNY50.00 |
| 本书以国家重点攻关、北京市重大项目“北京城市规划建设与气象条件及大气污染关系研究”的成果为基础,经系统分析、归纳、总结提炼而成,主要涵盖了城市发展对大气环境影响、城市规划大气影响评估数值模拟技术、城市规划大气环境评估指标体系以及地理信息数据形成等内容。 |
| ● |
| 相关链接 |
|
|
|
正题名:城市规划与大气环境
索取号:X16/B345
 
预约/预借
| 序号 | 登录号 | 条形码 | 馆藏地/架位号 | 状态 | 备注 |
| 1 | 566570 | 205665706 | 自科库501/501自科库 62排7列1层/ [索取号:X16/B345] | 在馆 | |
| 2 | 566571 | 205665715 | 期刊室512/501自科库 62排7列1层/ [索取号:X16/B345] | 在馆 | |
| 3 | 566572 | 205665724 | 自科库501/501自科库 62排7列1层/ [索取号:X16/B345] | 在馆 |